000 00831nam a2200229 i 4500
001 182827
003 ES-MaACL
005 20231213172509.0
008 131108s2013 sp |||| | spa d
020 _a978-84-9031-642-9
100 1 _aSanz Burgos, Raúl.
_9153799
245 1 0 _aNietzsche
_b: modernidad y política /
_cRaúl Sanz Burgos (coordinador), Julián Sauquillo González, Francisco Serra Giménez.
260 _aMadrid :
_bDykinson,
_c2013.
300 _a149 p. ;
_c15 cm.
490 1 _aClásicos Dykinson. Serie estudios
600 1 4 _aNietzsche, Friedrich,
_d1844-1900-
_xCrítica e interpretación
_985721
700 1 _aSauquillo, Julián
_9103993
700 1 _aSerra, Francisco.
_9153800
830 0 _aClásicos Dykinson. Serie estudios
_9224901
852 _aES-MaACL
_j1684-F-12
999 _c182827
_d182827